000 00526nam a2200181Ia 4500
999 _c35830
_d35830
003 OSt
005 20201218113125.0
008 190216s9999||||xx |||||||||||||| ||und||
040 _coclc
082 _a421.52
_bJON/E
100 _aJones, Daniel
_96646
245 0 _aEnglish Pronouncing Dictionary /
_cDaniel Jones
250 _a14th Ed.
260 _bUniversal Bookstall,
_c1995.
_aNew Delhi:
300 _a576p
650 _aPronouncing Dictionary
942 _cREF
_2ddc
_h421.52
_iJON/E
_k421.52
_mJON/E